[Event "2nd Split Open 2012"]
[Site "Split CRO"]
[Date "2012.08.13"]
[Round "3.6"]
[White "Bozanic,I"]
[Black "Armanda,I"]
[Result "1/2-1/2"]
[WhiteElo "2267"]
[BlackElo "2398"]

1.e4 c5 2.Nf3 d6 3.Bb5+ Bd7 4.Bxd7+ Qxd7 5.c4 g6 6.Nc3 Bg7 7.d4 cxd4 8.Nxd4 Nf6
9.f3 O-O 10.Be3 Rc8 11.b3 Qe8 12.O-O  1/2-1/2

[Event "Stare Mesto Open 2012"]
[Site "Stare Mesto CZE"]
[Date "2012.08.13"]
[Round "5.17"]
[White "Uricar,Z"]
[Black "Kapusta,Pe"]
[Result "0-1"]
[WhiteElo "2002"]
[BlackElo "2168"]

1.e4 c5 2.Nf3 d6 3.Bb5+ Bd7 4.Bxd7+ Qxd7 5.c4 Nc6 6.d4 cxd4 7.Nxd4 g6 8.O-O Bg7
9.Be3 Nf6 10.f3 O-O 11.Nc3 a6 12.Qd2 Nxd4 13.Bxd4 b5 14.cxb5 axb5 15.a3 Rfc8
16.Rac1 Rc4 17.Ne2 Rac8 18.Rxc4 Rxc4 19.Rd1 Qc7 20.Bc3 Nd7 21.Bxg7 Kxg7 22.Nc3 Ne5
23.Kf1 Qc5 24.Qf2 Qxf2+ 25.Kxf2 b4 26.Nb1 Rc2+ 27.Kg3 Rxb2 28.axb4 Rxb4 29.Nc3 g5
30.Nd5 Rb7 31.Ne3 Ng6 32.Kg4 h6 33.g3 Rb2 34.h4 Ne5+ 35.Kh5 gxh4 36.Nf5+ Kh7
37.Nxh4 Rb3 38.Rf1 e6 39.Rd1 Rb5 40.f4 Nd7+ 41.e5  0-1

[Event "51st World Juniors"]
[Site "Athens GRE"]
[Date "2012.08.14"]
[Round "12.48"]
[White "Yurtseven,M"]
[Black "Jacko,V2"]
[Result "0-1"]
[WhiteElo "2126"]
[BlackElo "2349"]

1.e4 c5 2.Nf3 d6 3.Bb5+ Nd7 4.d4 cxd4 5.Qxd4 Nf6 6.Bg5 a6 7.Bxf6 gxf6 8.Bxd7+ Bxd7
9.Nc3 e6 10.Nd2 b5 11.a4 Be7 12.O-O O-O 13.Ra2 Qc7 14.Rfa1 Qb7 15.axb5 axb5
16.Ra7 Rxa7 17.Qxa7 Rb8 18.h3 Bc6 19.Qe3 Ra8 20.Rxa8+ Qxa8 21.Kh2 Bf8 22.Qb6 Bh6
23.Nf1 Bf4+ 24.Ng3 Bxe4 25.Ne2 Bxg3+ 26.Nxg3 Bxg2 27.Qxd6 Bf3 28.Qf4 Kg7
29.Nf1 Be4 30.Ne3 h5 31.Qg3+ Bg6 32.Ng2 e5 33.Nh4 Qe4 34.c3 Qc2 35.b4 Qe4
36.Ng2 Kh7 37.Qe3 Qd5 38.Qg3 f5 39.Nh4 f4 40.Qg5 Qd2 41.Kg1 e4 42.Nxg6 Qe1+
43.Kh2 Qxf2+ 44.Kh1 Qe1+ 45.Kg2 f3+ 46.Kh2 Qf2+ 47.Kh1 Qg2+ 48.Qxg2 fxg2+
49.Kxg2 Kxg6 50.c4 bxc4 51.b5 c3 52.b6 c2 53.b7 c1=Q 54.b8=Q Qd2+ 55.Kh1 Qe1+
56.Kg2 Qe2+ 57.Kg1 Qe3+ 58.Kg2 Qf3+ 59.Kh2 Kg5 60.Qd8+ f6  0-1

[Event "Prva liga RS seniori 2012"]
[Site "Banja Vrucica SRB"]
[Date "2012.08.14"]
[Round "4"]
[White "Simic,Ze"]
[Black "Bulajic,R"]
[Result "1/2-1/2"]
[WhiteElo "2302"]
[BlackElo "2325"]

1.e4 c5 2.Nf3 d6 3.Bb5+ Nd7 4.c3 Qc7 5.O-O a6 6.Ba4 Nf6 7.Re1 e5 8.d4 b5
9.Bc2 Be7 10.a4 Rb8 11.axb5 axb5 12.Nbd2 O-O 13.Nf1 g6 14.Ng3 Re8 15.dxe5 dxe5
16.b3 Nf8 17.Qe2 Ne6 18.Qf1 Nf4 19.Ne2 Bg4 20.Nxf4 Bxf3 21.gxf3 exf4 22.Bd3 c4
23.bxc4 b4 24.cxb4 Bxb4 25.Rd1 Bc3 26.Rb1  1/2-1/2

[Event "2nd Split Open 2012"]
[Site "Split CRO"]
[Date "2012.08.14"]
[Round "4.18"]
[White "Vukelic,T"]
[Black "Brkic,A"]
[Result "0-1"]
[WhiteElo "2204"]
[BlackElo "2587"]

1.e4 c5 2.Nf3 d6 3.Bb5+ Nd7 4.O-O Nf6 5.Re1 a6 6.Bf1 b6 7.a4 Bb7 8.Nc3 e6
9.h3 Be7 10.d3 O-O 11.Bf4 Bc6 12.Bh2 b5 13.Nd2 Qb8 14.Nb3 Qc7 15.Qc1 Rfb8
16.Qe3 bxa4 17.Nxa4 Qd8 18.Reb1 a5 19.Nd2 Rb4 20.b3 Bxa4 21.Rxa4 d5 22.Rxb4 axb4
23.d4 Qb6 24.Be5 cxd4 25.Bxd4 Bc5 26.Bxc5 Qxc5 27.Qxc5 Nxc5 28.exd5 Nxd5
29.Nc4 Ra2 30.Rc1 f6 31.g3 Kf7 32.Kg2 Ke7 33.Kf3 e5 34.Nd2 Ne6 35.Bd3 Nd4+
36.Ke4 Nc3+ 37.Ke3 Nd5+ 38.Ke4 Nc3+ 39.Ke3 f5 40.f3 Kf6 41.h4 g6 42.Kf2 Nd5
43.Bc4 Nc3 44.Bd3 Ke6 45.Ke3 Rb2 46.Nc4 Ra2 47.Nd2 h6 48.Bc4+ Kf6 49.Bd3 f4+
50.gxf4 Nd5+ 51.Kf2 Nxf4 52.Be4 Nfe2 53.Re1 Nc3 54.Rg1 Nxe4+ 55.Nxe4+ Kg7
56.Kg3 Ne2+  0-1

[Event "Miguel Najdorf Open A"]
[Site "Warsaw POL"]
[Date "2012.08.14"]
[Round "9.10"]
[White "Licznerski,L"]
[Black "Zochowski,K"]
[Result "1-0"]
[WhiteElo "2282"]
[BlackElo "2073"]

1.e4 c5 2.Nf3 d6 3.Bb5+ Nd7 4.c3 Nf6 5.Qe2 e6 6.d4 a6 7.Bd3 b5 8.e5 Nd5 9.a4 c4
10.Be4 Bb7 11.O-O Be7 12.axb5 axb5 13.Rxa8 Qxa8 14.exd6 Bxd6 15.Ng5 N7f6
16.Bf3 O-O 17.Ne4 Nxe4 18.Qxe4 Qa2 19.Nd2 Ba8 20.Qh4 Nf6 21.Bd1 b4 22.cxb4 Bxb4
23.Nf3 Qb1 24.Qg5 Bd5 25.Qe3 Rd8 26.Ne5 Rc8 27.Be2 Qc2 28.Bd1 Qb1 29.Be2 Qa2
30.Qf4 c3 31.bxc3 Qxe2 32.cxb4 Bc4 33.Nxc4 Qxc4 34.Bd2 Nd5 35.Qg4 Nxb4 36.Bh6 g6
37.Qf4 Nc2 38.Rc1 Ra8 39.Qe4 Rc8 40.Qe5 f6 41.Qxf6  1-0

[Event "XIII Miquel Mas Open"]
[Site "Figueres ESP"]
[Date "2012.08.15"]
[Round "8.6"]
[White "Simacek,P"]
[Black "Guilleux,F"]
[Result "1-0"]
[WhiteElo "2478"]
[BlackElo "2439"]

1.e4 c5 2.Nf3 d6 3.Bb5+ Bd7 4.c4 Nf6 5.Nc3 g6 6.O-O Nc6 7.Bxc6 Bxc6 8.Re1 Bg7
9.d4 cxd4 10.Nxd4 O-O 11.b3 Rc8 12.Bb2 Qa5 13.Nd5 Bxd5 14.exd5 Rfe8 15.Re3 Qb6
16.a4 a6 17.a5 Qd8 18.Qe2 Rc5 19.b4 Rc7 20.b5 axb5 21.Nxb5 Rc8 22.h3 Ra8
23.Re1 Kf8 24.Bc3 Ra6 25.g4 Qd7 26.Qb2 b6 27.Bxf6 Bxf6 28.Qxf6 exf6 29.Rxe8+ Qxe8
30.Rxe8+ Kxe8 31.Nc7+ Kd7 32.Nxa6 bxa5 33.Kf1 Kc8 34.c5 dxc5 35.Nxc5 Kc7
36.Ne4 a4 37.Ke2 a3 38.Nc3 Kd6 39.Ke3 a2 40.Nxa2 Kxd5 41.Nc3+ Ke5 42.f4+ Ke6
43.Ke4 f5+ 44.gxf5+ gxf5+ 45.Kd4  1-0

[Event "2nd Split Open 2012"]
[Site "Split CRO"]
[Date "2012.08.15"]
[Round "5.16"]
[White "Bodrozic,T"]
[Black "Biliskov,V"]
[Result "1/2-1/2"]
[WhiteElo "2205"]
[BlackElo "2335"]

1.e4 c5 2.Nf3 d6 3.Bb5+ Bd7 4.Bxd7+ Nxd7 5.O-O Ngf6 6.Qe2 e6 7.b3 Be7 8.Bb2 O-O
9.c4 a6 10.d4 cxd4 11.Nxd4 Rc8 12.Nc3 Qa5 13.Rac1 Rfe8 14.Kh1 Bf8 15.f4 Qh5
16.Nf3 e5 17.f5 g6 18.fxg6 hxg6 19.Rcd1 Rc6 20.Ng1 Qxe2 21.Ngxe2 Kg7 22.Ng3 Rb8
23.Rf3 Be7 24.Rdf1 Rf8 25.Ba3 Bd8 26.Rd1 Ne8 27.Nd5 Ndf6 28.Ne3 Bb6 29.Rdf1 Bc5
30.Bc1 Bxe3 31.Bxe3 Nd7 32.Nf5+ gxf5 33.Rg3+ Kh7 34.Rxf5 Ndf6 35.Rh3+ Kg8
36.Rg3+  1/2-1/2

[Event "2nd Split Open 2012"]
[Site "Split CRO"]
[Date "2012.08.15"]
[Round "5.17"]
[White "Podoba,M"]
[Black "Nikolova,A"]
[Result "0-1"]
[WhiteElo "2145"]
[BlackElo "2299"]

1.e4 c5 2.Nf3 d6 3.Bb5+ Nc6 4.O-O Bd7 5.c3 Nf6 6.Re1 a6 7.Bc4 Bg4 8.d4 cxd4
9.cxd4 e6 10.Nc3 Be7 11.Be3 O-O 12.a3 d5 13.exd5 Nxd5 14.Nxd5 exd5 15.Be2 Bf6
16.Qd2 Na5 17.Rad1 Rc8 18.Ne5 Nc4 19.Nxc4 Bxe2 20.Qxe2 Rxc4 21.Rd3 Re8 22.Qd2 Qb6
23.Bg5 Rec8 24.Bxf6 Qxf6 25.Qe3 h6 26.h3 Rc2 27.Rd2 Rxd2 28.Qxd2 Rc4 29.Re5 Qc6
30.Qd3 g6 31.Re2 Qf6 32.Rd2 h5 33.Qe3 Qc6 34.Qe5 Rc1+ 35.Kh2 h4 36.Qb8+ Kh7
37.Qf4 Qc7 38.Qxc7 Rxc7 39.g3 hxg3+ 40.fxg3 Re7 41.h4 Re3 42.Kh3 f5 43.Kg2 Kh6  0-1

[Event "Prva liga RS seniori 2012"]
[Site "Banja Vrucica SRB"]
[Date "2012.08.16"]
[Round "6"]
[White "Gavric,M"]
[Black "Benderac,S"]
[Result "0-1"]
[WhiteElo "2400"]
[BlackElo "2322"]

1.e4 c5 2.Nf3 d6 3.Bb5+ Bd7 4.Bxd7+ Nxd7 5.O-O Ngf6 6.Re1 e6 7.d4 cxd4 8.Nxd4 a6
9.c4 Be7 10.b3 Qa5 11.Bb2 Ne5 12.Nc3 g5 13.Qd2 Rg8 14.Rad1 Nfd7 15.Nce2 Qxd2
16.Rxd2 Nc5 17.Ng3 Ncd3 18.Red1 Nxb2 19.Rxb2 g4 20.Nde2 Rc8 21.a4 Rc6 22.Nd4 Rc5
23.Rc2 Kd7 24.Kf1 Bg5 25.Kg1 Ke7 26.Rf1 Bf6 27.Rd2 h5 28.Rfd1 h4 29.Ngf5+ exf5
30.Nxf5+ Ke8 31.Nxd6+ Kf8 32.Nxb7 Rc7 33.Nd6 Rg6 34.Rd5 h3 35.c5 hxg2 36.Kxg2 Nc6
37.Nf5 a5 38.Rd6 Be7 39.R6d5 Re6 40.f3 gxf3+ 41.Kxf3 Rb7 42.Kf4 Rb4 43.Re1 Rxb3
44.h4 Nb4 45.Rc1 Nxd5+ 46.exd5 Rb4+  0-1

[Event "TATA 14th IBCA Olympiad"]
[Site "Chennai IND"]
[Date "2012.08.16"]
[Round "6.2"]
[White "Jandric,D"]
[Black "Stachanczyk,J"]
[Result "1/2-1/2"]
[WhiteElo "2055"]
[BlackElo "2256"]

1.e4 c5 2.Nf3 d6 3.Bb5+ Nc6 4.O-O Bd7 5.Re1 Nf6 6.h3 e6 7.c3 a6 8.Bf1 Be7
9.d4 cxd4 10.cxd4 d5 11.e5 Ne4 12.Nbd2 Nxd2 13.Bxd2 O-O 14.Bd3 f5 15.exf6 Bxf6
16.Bc3 b5 17.b3 Qe7 18.Qd2 g6 19.Rac1 Qg7 20.Bb1 Bd8 21.a4 bxa4 22.bxa4 Bb6
23.Ba2 Rxf3 24.gxf3 Rf8 25.Rcd1 Rxf3 26.Re3 Rf7 27.Kg2 Qf6 28.Rd3 Bc7 29.Qe2 Ne7
30.Bb3 Qf4 31.Rh1 Nf5 32.Bd2 Nh4+ 33.Kf1 Qf6 34.Be3 Nf5 35.Ke1 Ba5+ 36.Kd1 Bb6
37.Qg4 h5 38.Qf4 Nxe3+ 39.fxe3 Qxf4 40.exf4 Rxf4 41.Rg1 Kg7 42.Kd2 Bxd4 43.Rc1 Bb6
44.Bd1 Kf6 45.Ra1 a5 46.Rf3 g5 47.Rxf4+ gxf4 48.Bxh5 e5 49.Bg4 Be8 50.Ke2 e4
51.h4 d4 52.Rb1 Bc5 53.Rc1 Be7 54.Rc4 Ke5 55.Rc7 Bxh4 56.Rc5+ Kd6 57.Rxa5 Bf7
58.Ra6+ Kc5 59.Be6 d3+ 60.Kd2 Bg6 61.Ra5+ Kd6 62.Bf5 e3+ 63.Kxd3 Bh5 64.Ra6+ Kd5
65.Re6 Bg5 66.a5 f3 67.Rxe3 f2 68.Bh3 Bxe3  1/2-1/2

[Event "LBV Open A 2012"]
[Site "Roosendaal NED"]
[Date "2012.08.16"]
[Round "1.12"]
[White "Punt,R"]
[Black "Swinkels,R"]
[Result "0-1"]
[WhiteElo "2112"]
[BlackElo "2482"]

1.e4 c5 2.Nf3 d6 3.Bb5+ Bd7 4.Bxd7+ Qxd7 5.O-O Nf6 6.Qe2 Nc6 7.c3 e6 8.d4 cxd4
9.cxd4 d5 10.e5 Ne4 11.Nc3 Nxc3 12.bxc3 Na5 13.Ng5 h6 14.Nh3 Rc8 15.f4 g6
16.Bd2 Be7 17.g4 Qa4 18.f5 Qc4 19.Qf3 Kd7 20.Nf4 Rcg8 21.Kh1 Rh7 22.Rfb1 b6
23.Rf1 Nc6 24.Qh3 Bg5 25.fxe6+ fxe6 26.Nxe6 Bxd2 27.Rf8 Rhh8 28.Rf7+ Kc8
29.Raf1 Kb8 30.Nc7 Nd8 31.Rd7 Rf8 32.Rd1 Qe2 33.Na6+ Qxa6 34.Rxd2 Rf1+ 35.Kg2 Ne6
36.Qe3 Rhf8 37.Rd6 R8f3 38.Qxf3 Rxf3 39.Kxf3 Qf1+ 40.Rf2 Ng5+ 41.Ke3 Qe1+
42.Re2 Qxc3+  0-1

[Event "25th Panevezys IM"]
[Site "Panevezys LTU"]
[Date "2012.08.17"]
[Round "7.5"]
[White "Kantans,T"]
[Black "Malinin,Y"]
[Result "1-0"]
[WhiteElo "2380"]
[BlackElo "2325"]

1.e4 c5 2.Nf3 d6 3.Bb5+ Nc6 4.Bxc6+ bxc6 5.O-O e5 6.c3 Nf6 7.Re1 Be7 8.d4 exd4
9.cxd4 Nd7 10.Nc3 O-O 11.Bf4 Re8 12.Rc1 Bf8 13.Na4 Qf6 14.Bg3 Nb6 15.e5 dxe5
16.Bxe5 Qg6 17.Nxc5 Nd5 18.Bg3 Bg4 19.Rxe8 Rxe8 20.Nd3 Bxf3 21.Qxf3 Qe4 22.Ne5 Qxf3
23.gxf3 f5 24.Nd3 Re2 25.Rxc6 Rd2 26.Nf4 Ne7 27.Rc7 g5 28.Ne6 f4 29.Rxa7 fxg3
30.hxg3 Rxb2 31.Ra8 Ng6 32.Nxg5 Rd2 33.f4 Rxd4 34.Ne6 Rd5 35.g4 Rd6 36.f5 h6
37.a4 Rc6 38.a5 Rc1+ 39.Kh2 Rc6 40.a6 Rb6 41.a7  1-0

[Event "LBV Open A 2012"]
[Site "Roosendaal NED"]
[Date "2012.08.17"]
[Round "2.16"]
[White "Van der Wiel,J"]
[Black "Haver,Bas"]
[Result "1-0"]
[WhiteElo "2419"]
[BlackElo "2023"]

1.e4 c5 2.Nf3 d6 3.Bb5+ Bd7 4.Bxd7+ Qxd7 5.c4 Nc6 6.O-O e6 7.d4 cxd4 8.Nxd4 Nge7
9.Nc3 Nxd4 10.Qxd4 Nc6 11.Qd2 Be7 12.b3 O-O 13.Ba3 Rfd8 14.Rad1 b6 15.f4 Qb7
16.Rf3 Rd7 17.Rd3 Rad8 18.e5 d5 19.cxd5 exd5 20.Bxe7 Nxe7 21.Nb5 Nf5 22.Nd6 Nxd6
23.Rxd5 Kf8 24.Rxd6 Rxd6 25.exd6 Qd7 26.Qd3 Qe6 27.h3 Qg6 28.Qd5 Qe6 29.Qe5 Rd7
30.Kf2 Qg6 31.Rc1 Qxd6 32.Rc8+  1-0

[Event "ZMDI Open A 2012"]
[Site "Dresden GER"]
[Date "2012.08.18"]
[Round "1"]
[White "Jaracz,P"]
[Black "Lick,P"]
[Result "1-0"]
[WhiteElo "2536"]
[BlackElo "2183"]

1.e4 c5 2.Nf3 d6 3.Bb5+ Bd7 4.Bxd7+ Qxd7 5.O-O Nc6 6.Qe2 Nf6 7.Rd1 g6 8.c3 Bg7
9.d4 cxd4 10.cxd4 d5 11.e5 Ne4 12.Ne1 h6 13.Nc3 Nxc3 14.bxc3 Na5 15.Nd3 b6
16.Nf4 e6 17.Rd3 Rc8 18.Rg3 Qa4 19.Nh5 gxh5 20.Rxg7 Nb3 21.Qd1 Kf8 22.Rg3 Nc5
23.Qxh5 Ne4 24.Bxh6+ Ke8 25.Rg7 Rc7 26.Qg4 Rxh6 27.Rg8+ Ke7 28.Qg7 Kd7 29.Qxh6 Qc2
30.Qf4 Kc6 31.Rc1 Qb2 32.h4 Nxf2 33.Qe3 Kb7 34.Kh2 Rc8  1-0

[Event "EY Girls U16 2012"]
[Site "Prague CZE"]
[Date "2012.08.18"]
[Round "2.16"]
[White "Richterova,Natasa"]
[Black "Vanagaite,G"]
[Result "1/2-1/2"]
[WhiteElo "1864"]
[BlackElo "1996"]

1.e4 c5 2.Nf3 d6 3.Bb5+ Bd7 4.Bxd7+ Qxd7 5.c4 Nc6 6.Nc3 Nf6 7.O-O e6 8.d4 cxd4
9.Nxd4 Be7 10.Be3 O-O 11.b3 Rac8 12.Rc1 Rfd8 13.Qe2 Ne5 14.Rfd1 b6 15.Nf3 Ng6
16.e5 Ne8 17.exd6 Nxd6 18.Nb5 Qb7 19.Nxd6 Bxd6 20.Bd4 Qe7 21.g3 e5 22.Bb2 f6
23.Ne1 Bc5 24.Nc2 Nf8 25.Ne3 Ne6 26.Nd5 Qf7 27.Rd2 Bd4 28.Rcd1 Bxb2 29.Rxb2 Nd4
30.Rxd4 exd4 31.Ne7+ Kh8 32.Nxc8 Rxc8 33.Qe4 Rd8 34.Rd2 Qd7 35.Kg2 h6 36.Rd3 Kg8
37.Rd2 Kh8 38.Rd3 Kg8 39.Rd2 Kh8 40.Rd3 Kg8  1/2-1/2

[Event "EY Girls U16 2012"]
[Site "Prague CZE"]
[Date "2012.08.18"]
[Round "2.26"]
[White "Zavgorodniaya,A"]
[Black "Sanders,Catheleijne"]
[Result "1/2-1/2"]
[WhiteElo "1910"]
[BlackElo "1800"]

1.e4 c5 2.Nf3 d6 3.Bb5+ Bd7 4.Bxd7+ Qxd7 5.O-O Nf6 6.Qe2 Nc6 7.c3 g6 8.Rd1 Bg7
9.d4 cxd4 10.cxd4 d5 11.e5 Ne4 12.Ne1 h6 13.Nc3 Nxc3 14.bxc3 Rc8 15.Rd3 Na5
16.Re3 Rc6 17.Nd3 Nc4 18.Rg3 h5 19.Nf4 Bh6 20.e6 Rxe6 21.Nxe6 Qxe6 22.Qxe6 fxe6
23.Rxg6 Bxc1 24.Rxc1 Kf7 25.Rg5 Kf6 26.f4 h4 27.g3 Nd2 28.gxh4 Rxh4 29.Rg2 Nf3+
30.Kf2 Rxf4 31.Ke3 Rf5 32.Rf2 Ng5 33.Rcf1 Ne4 34.Rxf5+ exf5 35.Kd3 b5 36.Rg1 f4
37.Rg8 Kf5 38.Rf8+ Kg4 39.Re8 f3 40.Rxe7 Kh3 41.Ke3 f2 42.Ke2 Kg2 43.Rg7+ Kxh2
44.Kf1 a6 45.Rg4 Kh3 46.Rxe4  1/2-1/2

[Event "EY Boys U18 2012"]
[Site "Prague CZE"]
[Date "2012.08.18"]
[Round "2.12"]
[White "Sofranov,V"]
[Black "Nikologorskiy,K"]
[Result "0-1"]
[WhiteElo "2218"]
[BlackElo "2400"]

1.e4 c5 2.Nf3 d6 3.Bb5+ Nd7 4.d4 cxd4 5.Qxd4 a6 6.Bxd7+ Bxd7 7.O-O Nf6 8.Bg5 e6
9.c4 Be7 10.Nc3 Qc7 11.Rac1 Rc8 12.b3 O-O 13.Rfd1 Rfd8 14.Bxf6 gxf6 15.Qe3 Kh8
16.Nd4 Rg8 17.Kh1 Rg7 18.f4 Rcg8 19.g3 b6 20.f5 Rg4 21.Nde2 Qb7 22.Nf4 R4g5
23.fxe6 fxe6 24.Nfe2 Re5 25.Nd4 Rg4 26.Re1 Qa8 27.Nf3 Rh5 28.Kg2 b5 29.Nd1 b4
30.Nf2 Rg7 31.Rcd1 e5 32.c5 Qf8 33.Qd2 d5 34.Qxd5 Bxc5 35.Nd3 Bh3+ 36.Kh1 Bb6
37.Qc6 Ba7 38.Qc2 Bc8 39.Kg2 Bb7 40.Qc4 a5 41.Rd2 h6 42.Rc2 Kh7 43.Nc5 Bxc5
44.Qxc5 Qa8 45.Rc4 Qd8 46.Rcc1 Qd7 47.Qxa5 Qg4 48.Rc7 Rxh2+  0-1

[Event "EY Boys U14 2012"]
[Site "Prague CZE"]
[Date "2012.08.18"]
[Round "2.37"]
[White "Valkama,Eero"]
[Black "Afanaskin,Igor"]
[Result "1-0"]
[WhiteElo "1827"]
[BlackElo "2029"]

1.e4 c5 2.Nf3 d6 3.Bb5+ Bd7 4.Bxd7+ Qxd7 5.c4 Nc6 6.Nc3 g6 7.d4 cxd4 8.Nxd4 Bg7
9.Nde2 Nf6 10.O-O O-O 11.f3 Na5 12.b3 a6 13.a4 Qc7 14.Be3 Rfd8 15.Rc1 e6
16.Nf4 Nd7 17.Qc2 Rdc8 18.Rfd1 Nc6 19.Kh1 Nb4 20.Qd2 Nc5 21.Ncd5 exd5 22.Qxb4 dxe4
23.Nd5 Qd7 24.Nb6 Qc6 25.Nxc8 Rxc8 26.fxe4 Qxe4 27.Bxc5 dxc5 28.Qe1 Qxe1+
29.Rxe1 Kf8 30.Rcd1 Bd4 31.g3 a5 32.Kg2 Rc6 33.Rd3 Rb6 34.Re2 h5 35.Kf1 Rf6+
36.Ke1 Rd6 37.Kd2 Rf6 38.Ke1 Rf5 39.h3 Rf6 40.Re4 Rf5 41.g4 hxg4 42.hxg4 Rf6
43.Rh3 Rd6 44.Rf3 Rb6 45.Kd2 Rd6 46.Kc2 Rc6 47.Rf1 Rd6 48.Rfe1 Rf6 49.Re7 b6
50.Rb7 Rf2+ 51.Kd1 Rf4 52.Ree7 Rf3 53.Rec7 Rf4 54.Rd7 Kg8 55.g5 Rf1+ 56.Ke2 Rf2+
57.Ke1 Rf5 58.Rd5 Be5 59.Re7 Bc3+ 60.Ke2 Rf4 61.Rb7 Rh4 62.Rxb6 Bb4 63.Rf6 Rh2+
64.Rf2 Rh3 65.Rf3 Rh2+ 66.Ke3 Rb2 67.Kf4 Rg2 68.Rfd3 Re2 69.Rd7 Rf2+ 70.Ke4 Rg2
71.Rf3 Rxg5 72.Rfxf7 Rg3 73.Rg7+ Kf8 74.Rdf7+ Ke8 75.Ra7 Rg4+ 76.Kf3  1-0

[Event "EY Boys U16 2012"]
[Site "Prague CZE"]
[Date "2012.08.18"]
[Round "2.46"]
[White "Smith,Patrick L"]
[Black "Eggink,M"]
[Result "0-1"]
[WhiteElo "1771"]
[BlackElo "2013"]

1.e4 c5 2.Nf3 d6 3.Bb5+ Nd7 4.d4 Nf6 5.O-O cxd4 6.Qxd4 a6 7.Bxd7+ Bxd7 8.e5 dxe5
9.Nxe5 Be6 10.Rd1 Qxd4 11.Rxd4 Bf5 12.c4 g6 13.g4 Be6 14.g5 Nd7 15.Nxd7 Bxd7
16.Be3 Rc8 17.Na3 Bg7 18.Rd2 Be6 19.Bd4 O-O 20.Bxg7 Kxg7 21.Rd4 Rc5 22.h4 h6
23.f4 hxg5 24.hxg5 Rh8 25.Rd3 Rh4 26.Rd4 Rxg5+ 27.fxg5 Rxd4 28.b3 Rg4+ 29.Kf2 Rxg5
30.Nc2 Rh5 31.Rg1 Rh2+ 32.Rg2 Rxg2+ 33.Kxg2 Bf5 34.Nd4 e5 35.Ne2 Be4+ 36.Kf2 f5
37.c5 Kf7 38.Nc3 Bc6 39.b4 Ke6 40.a4 g5 41.b5 axb5 42.axb5 Bd7 43.Ke3 g4
44.Kd3 f4 45.c6 bxc6 46.b6 Bc8 47.Ne4 g3 48.Nc5+ Kd5  0-1

[Event "EY Girls U16 2012"]
[Site "Prague CZE"]
[Date "2012.08.19"]
[Round "3.4"]
[White "Blagojevic,Tijana"]
[Black "Tantsiura,M"]
[Result "0-1"]
[WhiteElo "2004"]
[BlackElo "2193"]

1.e4 c5 2.Nf3 d6 3.Bb5+ Bd7 4.Bxd7+ Qxd7 5.c4 g6 6.d4 cxd4 7.Nxd4 Nf6 8.Nc3 Bg7
9.f3 Nc6 10.Be3 O-O 11.O-O Ne5 12.b3 Rfc8 13.Rc1 a6 14.Na4 Qd8 15.Ne2 Nfd7
16.c5 dxc5 17.Nxc5 Nxc5 18.Qxd8+ Rxd8 19.Rxc5 Rd3 20.Bg5 h6 21.Bc1 Nc6 22.Nf4 Bd4+
23.Kh1 Rxf3 24.gxf3 Bxc5 25.Nd3 Bb6 26.Bxh6 Kh7 27.Bc1 Rd8 28.Nb2 Nb4 29.Nc4 Bc5
30.a3 Nd3 31.Be3 b5 32.Bxc5 bxc4 33.Bxe7 Rd7 34.Bf6 cxb3 35.f4 b2 36.Rb1 Rc7
37.Rg1 Rc1 38.Bxb2 Rxg1+ 39.Kxg1 Nxb2 40.Kf2 Nc4  0-1

[Event "27th Schwarzacher Open"]
[Site "Schwarzach AUT"]
[Date "2012.08.19"]
[Round "2.6"]
[White "Ljubic,J"]
[Black "Blechzin,I"]
[Result "0-1"]
[WhiteElo "2193"]
[BlackElo "2446"]

1.e4 c5 2.Nf3 d6 3.Bb5+ Nd7 4.c4 Nf6 5.Nc3 g6 6.O-O Bg7 7.d4 cxd4 8.Nxd4 O-O
9.Bxd7 Bxd7 10.h3 Rc8 11.Qd3 Qa5 12.Be3 a6 13.Rac1 Qh5 14.Nde2 Bc6 15.Nf4 Qa5
16.b3 e6 17.f3 Rfd8 18.a4 g5 19.Nfe2 d5 20.cxd5 exd5 21.e5 Nd7 22.Bxg5 Nxe5
23.Qf5 Re8 24.Bf6 Bd7 25.Qg5 Qb6+  0-1

[Event "11th Lichtenberger Sommer 2012"]
[Site "Berlin GER"]
[Date "2012.08.20"]
[Round "3.21"]
[White "Reichenbach,W"]
[Black "Langner,T"]
[Result "1-0"]
[WhiteElo "2283"]
[BlackElo "1948"]

1.e4 c5 2.Nf3 d6 3.Bb5+ Nd7 4.d4 cxd4 5.Qxd4 a6 6.Bxd7+ Bxd7 7.c4 e5 8.Qd3 Nf6
9.Nc3 Be7 10.O-O O-O 11.Rd1 Be6 12.b3 Qc7 13.Bg5 Ne8 14.Rac1 Bxg5 15.Nxg5 Qe7
16.Nf3 f5 17.Nd5 Bxd5 18.Qxd5+ Qf7 19.exf5 Qxd5 20.Rxd5 Rxf5 21.c5 Rc8 22.Rc4 Rc6
23.Nd4  1-0

[Event "11th Lichtenberger Sommer 2012"]
[Site "Berlin GER"]
[Date "2012.08.20"]
[Round "3.81"]
[White "Lang,Mart"]
[Black "Engers,Felix"]
[Result "1-0"]
[WhiteElo "1909"]
[BlackElo "1767"]

1.e4 c5 2.Nf3 d6 3.Bb5+ Bd7 4.Bxd7+ Qxd7 5.d4 cxd4 6.Nxd4 Nf6 7.Nc3 g6 8.O-O Bg7
9.Be3 O-O 10.Qd2 Rd8 11.f4 Ng4 12.f5 Nxe3 13.Qxe3 Nc6 14.Nce2 Rac8 15.c3 d5
16.Nxc6 Rxc6 17.Rad1 Rd6 18.e5 Rb6 19.Nd4 Rxb2 20.e6 Bxd4 21.Rxd4 fxe6 22.fxg6 Qd6
23.Qh6  1-0

[Event "III Sarkany-Aranytiz IM"]
[Site "Budapest HUN"]
[Date "2012.08.20"]
[Round "3.5"]
[White "Lyell,M"]
[Black "Szekeres,R"]
[Result "0-1"]
[WhiteElo "2225"]
[BlackElo "2337"]

1.e4 c5 2.Nf3 d6 3.Bb5+ Nd7 4.O-O Nf6 5.d4 cxd4 6.Qxd4 e5 7.Qd3 h6 8.c4 Be7
9.Rd1 O-O 10.Bxd7 Bxd7 11.Nc3 a6 12.Be3 Qc7 13.a4 Rfc8 14.Nd2 b6 15.b3 Qb7
16.f3 Rc7 17.Ndb1 Kh7 18.Nd5 Nxd5 19.Qxd5 Bc6 20.Qd3 Rd8 21.Nc3 Qc8 22.Nd5 Rb7
23.Nxe7 Rxe7 24.Qxd6 Re6 25.Qb4 Rg6 26.Qd2 f5 27.Ra2 fxe4 28.fxe4 Qg4 29.Re1 Bxe4
30.Re2 Rf8 31.Qe1 Bf3 32.Rf2 Rf5 33.Bc1 Rd6 34.Rad2 Rd4 35.Rxd4 exd4 36.Qe6 Be4
37.h3 Qd1+ 38.Kh2 Rxf2 39.Qxe4+ Kg8 40.Ba3 Qc2 41.Qd5+ Kh7 42.a5 Rf5 43.Qb7 bxa5
44.Bd6 Qe2 45.c5 d3 46.c6 d2 47.c7 d1=Q 48.Qc6 Qe3 49.c8=Q Qdg1+  0-1

[Event "ZMDI Open A 2012"]
[Site "Dresden GER"]
[Date "2012.08.20"]
[Round "3"]
[White "Bade,Ha"]
[Black "Smith,T"]
[Result "0-1"]
[WhiteElo "2074"]
[BlackElo "2189"]

1.e4 c5 2.Nf3 d6 3.Bb5+ Bd7 4.Bxd7+ Qxd7 5.O-O Nc6 6.Re1 Nf6 7.c3 e6 8.d4 cxd4
9.cxd4 d5 10.e5 Ne4 11.Nbd2 Nxd2 12.Bxd2 Be7 13.h4 Qd8 14.Bg5 Bxg5 15.hxg5 h6
16.g6 fxg6 17.Qd3 Kf7 18.b4 Rg8 19.b5 Ne7 20.Rec1 Rc8 21.Rxc8 Qxc8 22.Qa3 Qb8
23.Rc1 Rc8 24.Rc5 b6 25.Rxc8 Nxc8 26.Qc3 Ne7 27.Ne1 Qc8 28.Qxc8 Nxc8 29.Nd3 Ne7
30.Nb4 h5 31.g4 hxg4 32.Kf1 Ke8 33.Ke2 Nf5 34.Nc6 Kd7 35.Kd3 a5 36.Ke2 g3
37.Kf3 gxf2 38.Kxf2 Nh4 39.Kg3 Nf5+ 40.Kf3 g5 41.a4 Nh6 42.Nb8+ Ke8 43.Nc6 g4+
44.Kf4 g5+ 45.Kg3 Kd7 46.Nb8+ Kc8 47.Nc6 Kc7 48.Kg2 Nf5 49.Kf2 Kd7 50.Nb8+ Ke8
51.Nc6 Ne7 52.Na7 Kd7 53.Kg3 Nf5+ 54.Kxg4 Nxd4 55.Kxg5 Kc7 56.Kf6 Kb7 57.Nc6 Nxc6
58.bxc6+ Kc7 59.Kxe6 d4 60.Kf6 d3 61.e6 d2 62.e7 d1=Q 63.e8=Q Qf3+ 64.Kg5 Qg2+
65.Kf4 Qxc6 66.Qf7+ Kd6 67.Qf6+ Kd5 68.Qf5+ Kd4 69.Qe5+ Kc4 70.Qe2+ Kb4 71.Qb2+ Kxa4
72.Ke3 Qc5+ 73.Kd3 Qb5+ 74.Kc3 Qxb2+ 75.Kxb2 Kb4 76.Ka2 Kc3 77.Kb1 Kb3 78.Ka1 Kc2
79.Ka2 b5 80.Ka1 b4  0-1

[Event "2nd Isthmia Open A"]
[Site "Korinthia GRE"]
[Date "2012.08.20"]
[Round "4.4"]
[White "Hansen,Eric"]
[Black "Fier,A"]
[Result "1/2-1/2"]
[WhiteElo "2472"]
[BlackElo "2582"]

1.e4 c5 2.Nf3 d6 3.Bb5+ Nc6 4.d4 cxd4 5.Qxd4 Bd7 6.Bxc6 Bxc6 7.c4 Nf6 8.Nc3 g6
9.O-O Bg7 10.Qd3 O-O 11.Nd4 Nd7 12.Rd1 Nc5 13.Qc2 Rc8 14.Be3 a6 15.Rac1 Ne6
16.Qd2 Nxd4 17.Bxd4 Bxd4 18.Qxd4 Qa5 19.a3 Qc5 20.Qxc5 dxc5  1/2-1/2

[Event "EY Boys U16 2012"]
[Site "Prague CZE"]
[Date "2012.08.20"]
[Round "4.43"]
[White "Rauramaa,J"]
[Black "Shpakovsky,K"]
[Result "1-0"]
[WhiteElo "2006"]
[BlackElo "1760"]

1.e4 c5 2.Nf3 d6 3.Bb5+ Bd7 4.Bxd7+ Qxd7 5.O-O Nc6 6.c4 Nf6 7.Nc3 e6 8.d4 cxd4
9.Nxd4 Be7 10.Bg5 h6 11.Be3 O-O 12.b3 Rac8 13.Rc1 Rfd8 14.Qd2 Ng4 15.Nxc6 bxc6
16.Bf4 e5 17.Bg3 Nf6 18.Rfd1 Qe6 19.Qe2 Rd7 20.Rc2 Rcd8 21.Rcd2 g6 22.Rd3 Nh5
23.Qf3 Nxg3 24.Qxg3 Kh7 25.Qh3 Qxh3 26.Rxh3 f5 27.Rhd3 fxe4 28.Nxe4 h5 29.Nc5 Kg7
30.Nxd7 Rxd7 31.f3 Kf6 32.Kf2 Ke6 33.b4 d5 34.b5 d4 35.Ke2 Kd6 36.f4 cxb5
37.cxb5 Rb7 38.fxe5+ Kxe5 39.a4 Bc5 40.Rg3 Ke4 41.Rxg6 Re7 42.Rg3 h4 43.Rh3 Kd5+
44.Kd3 Re4 45.Rf1 Bd6 46.Rf7 Rg4 47.Rxa7 Kc5 48.Ra6 Rxg2 49.Rxh4 Bxh2 50.Rc6+ Kb4
51.Rxd4+ Kb3 52.Rc3+ Kb2 53.Rb4+ Ka2  1-0

[Event "EY Girls U16 2012"]
[Site "Prague CZE"]
[Date "2012.08.20"]
[Round "4.19"]
[White "Tomin,Ks"]
[Black "Sanders,Catheleijne"]
[Result "1/2-1/2"]
[WhiteElo "1954"]
[BlackElo "1800"]

1.e4 c5 2.Nf3 d6 3.Bb5+ Bd7 4.Bxd7+ Qxd7 5.O-O Nf6 6.Qe2 Nc6 7.c3 e6 8.d4 cxd4
9.cxd4 d5 10.e5 Ne4 11.Nbd2 Nxd2 12.Bxd2 Be7 13.Rac1 O-O 14.a3 f6 15.exf6 Rxf6
16.Qd3 Raf8 17.Ne5 Nxe5 18.dxe5 Rf5 19.f4 Rc8 20.Rxc8+ Qxc8 21.Rc1 Bc5+ 22.Kh1 Qf8
23.Qb5 b6 24.b4 Be7 25.Qd7 Qf7 26.Qxa7 Bd8 27.Qa4 g5 28.g4 Rxf4 29.Bxf4 Qxf4
30.Qe8+ Kg7 31.Qd7+ Qf7 32.Qxf7+ Kxf7 33.Kg2 Ke7 34.Kf3 Kd7 35.Ke3 b5 36.Kd3 Bb6
37.Rf1 Ke7 38.Re1 Kd7 39.Re2 Bc7 40.Kd4 Bb6+ 41.Kc3 Kc6  1/2-1/2

[Event "11th Lichtenberger Sommer 2012"]
[Site "Berlin GER"]
[Date "2012.08.21"]
[Round "4.9"]
[White "Bruchmann,S"]
[Black "Kollars,Dmitrij"]
[Result "1-0"]
[WhiteElo "2315"]
[BlackElo "1996"]

1.e4 c5 2.Nf3 d6 3.Bb5+ Nd7 4.d4 Nf6 5.e5 Qa5+ 6.Nc3 Ne4 7.Rb1 e6 8.O-O Nxc3
9.bxc3 Qc7 10.Ng5 h6 11.Qh5 g6 12.Nxe6 fxe6 13.Qxg6+ Kd8 14.Bxd7 Kxd7 15.Qf6 Rh7
16.Qxf8 b6 17.dxc5 Qxc5 18.Rd1 d5 19.Bxh6 Qxc3 20.Qd6+ Ke8 21.Bg5 Bd7 22.Rb3 Qxc2
23.Rc1 Qg6 24.Rf3 Rf7 25.h4 Qg7 26.Rc7 Rxf3 27.gxf3 b5 28.Kh2 Rc8 29.Bh6 Qe7
30.Rxd7  1-0